MARC

LEADER 00000nam0a2200000 4500
001 197034
005 20231031183324.0
035 |a (RuTPU)RU\TPU\book\214932 
090 |a 197034 
100 |a 20110603d1966 m y0rusy50 ca 
101 0 |a rus 
102 |a RU 
105 |a a z 001zy 
200 1 |a Методы решения технических задач с использованием аналоговых вычислительных машин  |f Л. Левин 
210 |a Москва  |c Мир  |d 1966 
215 |a 415 с.  |c ил. 
320 |a Библиогр.: с. 406-410. 
610 1 |a вычислительные машины 
610 1 |a аналоговые вычислительные машины 
610 1 |a технические задачи 
610 1 |a методы решения 
610 1 |a дифференциальные уравнения 
610 1 |a преобразования 
610 1 |a функции 
610 1 |a методы оптимизации 
610 1 |a оценка параметров 
610 1 |a планирование 
610 1 |a статистические задачи 
675 |a 518.5  |v 3 
700 1 |a Левин  |b Л.  |g Леон 
801 1 |a RU  |b 63413507  |c 20110603 
801 2 |a RU  |b 63413507  |c 20131127  |g RCR 
942 |c BK